Airline Logos #3 - Statistics

General Stats
  • This quiz has been taken 96 times
  • The average score is 6 of 16
Answer Stats
Picture Answer % Correct
easyJet
86%
Spirit
70%
Saudia
66%
Lion Air
60%
EVA Air
58%
Eurowings
56%
China Eastern Airlines
40%
IndiGo
32%
Volotea
30%
Air Astana
29%
Volaris
29%
Tunisair
22%
AJet
19%
Turkmenistan Airlines
18%
Norwegian
14%
Pobeda
10%
No matching quizzes found
Score Distribution
Percent of People with Each Score
Percentile by Number Answered
Your Score History
You have not taken this quiz